| 000 | 00667nam a2200193 i 4500 | ||
|---|---|---|---|
| 001 | 46266 | ||
| 003 | ES-MaACL | ||
| 005 | 20230906161343.0 | ||
| 007 | t| | ||
| 008 | 030328s1968 sp ||||1| spa d | ||
| 100 | 1 |
_aRenard, Alexandre. _996172 |
|
| 245 | 1 | 3 |
_aEl Concilio y las religiosas _b: textos conciliares y postconciliares completos : comentario / _cA. C. Renard ; [traducción por José María Bernáldez]. |
| 260 |
_aMadrid : _bFax, _c[1968] |
||
| 300 |
_a218 p. ; _c19 cm. |
||
| 611 | 2 | 4 |
_aConcilio Vaticano ( _n2º. _d1962-1965) _9122 |
| 650 | 0 | 4 |
_aReligiosas. _916826 |
| 700 | 1 |
_aBernáldez Montalvo, José María. _9153063 |
|
| 852 |
_aES-MaACL _jC-51547 |
||
| 999 |
_c46266 _d46266 |
||